Cartesian linguistis: a Chapter in the history of rationalist thought

-д хадгалсан:
Номзүйн дэлгэрэнгүй
Үндсэн зохиолч: Chomsky, Noam (Зохиогч)
Формат: Ном
Хэл сонгох:англи
Хэвлэсэн: Nueva York Harper and Row 1966
Цуврал:Studies in language
Нөхцлүүд:
Шошгууд: Шошго нэмэх
Шошго байхгүй, Энэхүү баримтыг шошголох эхний хүн болох!

MARC

LEADER 00000nam a2200000 a 4500
001 UCX1276
003 CL-VaPUC
008 900712e19660000US |||||||||||||||||eng|d
082 0 4 |a 410  |b CHO  |2 21 
100 0 |a Chomsky, Noam  |e author  |9 316727 
245 1 0 |a Cartesian linguistis: a Chapter in the history of rationalist thought 
300 |a 119 p 
942 |c BK 
945 |d 19900712 00:00:00 
260 |a Nueva York  |b Harper and Row  |c 1966 
650 7 |a LINGUISTICA CARTESIANA  |2 CL-VaPUC  |9 316728 
583 |a last modification  |c 19900712 00:00:00  |k Rodrigo Vera 
490 0 |a Studies in language 
999 |c 222546  |d 222544 
952 |0 0  |1 0  |4 0  |6 410_000000000000000_CHO_1966  |7 0  |8 A  |9 217480  |a FDOPOS  |b FDOPOS  |d 2019-11-15  |i 2864002  |o 410 CHO 1966  |p 2864002  |r 2025-01-22  |w 2019-11-15  |y BK  |k MLA